000 00581nam a2200205 4500
001 17302
005 20230410115559.0
008 060907n2004 dr spa
020 _a0471230626
035 _9funglode17438
041 _aEN
050 1 4 _aHF 1416 K87g 2004
100 _aKotabe, Masaaki
245 1 _aGlobal marketing management /
_cMasaaki Kotabe, Kristiaan Helsen
250 _a3
260 _aHoboken, NJ :
_bJohn Wiley & Sons \ Estados Unidos : John Wiley & Sons, Inc.,
_c2004
300 _a694 p.
700 _aHelsen, Kristiaan
942 _2lcc
_cbk
999 _c44030
_d44030